| 000 | 00659cam a22002417a 4500 | ||
|---|---|---|---|
| 003 | CHAP | ||
| 005 | 20220329140613.0 | ||
| 008 | 971013s r 00010 d | ||
| 010 | _a54643 | ||
| 011 | _a55615 | ||
| 035 | _a59767 | ||
| 040 | _cCHAP | ||
| 090 | _aR-256 | ||
| 100 | 0 | 0 |
_aTryon, Rolla. _9115431 |
| 245 | 1 | 2 | _aA glossoty of some terms relating to the fern leaf |
| 500 | _aSobretiro de : Taxon 9(4): 104-109, 1960 | ||
| 590 |
_aBATCH-UPD _b10 _c20130110 _lUCH01 _h0419 |
||
| 590 |
_aCONVERSION _b10 _c20130109 _lUCH01 _h1329 |
||
| 650 | 1 | 4 |
_aHelechos. _953412 |
| 901 | _aBK | ||
| 942 | _cREIMP | ||
| 949 |
_aR-256 _bBC _cR _d-129131 _eTS1 _i59767 _si |
||
| 999 |
_c54643 _d54643 |
||